| 000 | 01156cam a22002775a 4500 | ||
|---|---|---|---|
| 999 |
_c57713 _d57713 |
||
| 001 | 12576667 | ||
| 005 | 20201001105033.0 | ||
| 008 | 011031s2004 enka b 001 0 eng | ||
| 020 | _a9780750663441 | ||
| 041 | _aeng | ||
| 080 | _a621.382.2 S-88 | ||
| 100 | 1 |
_aStranneby, Dag. _99578 |
|
| 245 | 1 | 0 |
_aDigital signal processing : _bDSP and applications / _cDag Stranneby, William Walker. |
| 250 | _aSecond edition | ||
| 264 |
_aAmsterdam : _bWlsevier, _c2004 |
||
| 300 |
_a358 p. : _bill. ; _c25 cm. |
||
| 504 | _aIncludes bibliographical references and index. | ||
| 650 | 0 |
_aSignal processing _xDigital techniques. _99579 |
|
| 653 | _aპროცესების ციფრული გადამუშავება | ||
| 653 | _aელექტროტექნიკა | ||
| 700 |
_a Walker, William _eავტორი _99580 |
||
| 856 | 4 | 2 |
_3Publisher description _uhttp://www.loc.gov/catdir/description/els031/2001277032.html |
| 856 | 4 | 1 |
_3Table of contents _uhttp://www.loc.gov/catdir/toc/els031/2001277032.html |
| 942 |
_2udc _cBK |
||
| 955 |
_aps02 2001-10-31 to ASCD _ajf00 2001-11-02; _cjf03 2002-02-13 to Subj. _aaa07 2002-03-14 |
||